000 00545nam a2200181 4500
001 138972
003 ES-MaACL
005 20250830063103.0
007 t|
008 070214s1974 sp r ||||1| spa d
100 1 _aSanz, Carlos,
_d1903-1979
_9103566
245 1 1 _a¿Decadencia, fin o exaltación de la Historia? /
_cCarlos Sanz.
260 _a[S. l. :
_bs. n.],
_c1974.
300 _a1 h. ;
_c32 cm.
500 _aPublicado en ABC el 12 de octubre de 1974.
852 _aES-MaACL
_j2087-F-42
_bR.90485
999 _c138972
_d138972